Etapas del embrión (Registro nro. 8772)
[ vista simple ]
| 000 -LÍDER | |
|---|---|
| fixed length control field | 00522nom a22001937a 4500 |
| 005 - FECHA DE ÚLTIMA TRANSACCION | |
| control field | 20220609171333.0 |
| 008 - ELEMENTOS DE DATOS - INFORMACIÓN GENERAL | |
| fixed length control field | 161205b xxu||||| |||| 00| 0 spa d |
| 041 ## - CÓDIGO DE LENGUAJE | |
| Código de idioma de texto / pista de sonido o título separado | SPA |
| 082 ## - NÚMERO DE ACTIVO | |
| N° Activo | Etapas del embrión |
| 245 ## - TÍTULO | |
| Título | Etapas del embrión |
| 260 ## - PUBLICACIÓN , DISTRIBUCIÓN, ETC. (PIE DE IMPRENTA ) | |
| Fecha de adqusición | 2016 |
| 500 ## - NOTA GENERAL | |
| Nota general | Se prestan para el mismo día, hasta las 7:50 pm |
| 650 ## - ASIENTO SECUNDARIO DE MATERIA - TÉRMINO DE MATERIA | |
| Término temático | REPRODUCCIÓN HUMANA |
| 650 ## - ASIENTO SECUNDARIO DE MATERIA - TÉRMINO DE MATERIA | |
| Término temático | DESARROLLO HUMANO |
| 650 ## - ASIENTO SECUNDARIO DE MATERIA - TÉRMINO DE MATERIA | |
| Término temático | GESTACIÓN |
| 650 ## - ASIENTO SECUNDARIO DE MATERIA - TÉRMINO DE MATERIA | |
| Término temático | FETO |
| 650 ## - ASIENTO SECUNDARIO DE MATERIA - TÉRMINO DE MATERIA | |
| Término temático | MODELOS ANATÓMICOS |
| 942 ## - AÑADIDO ENTRADA ELEMENTOS ( Koha ) | |
| Koha tipo de ítem | Modelo Anatómico |
| Withdrawn status | Estado | Estado físico | Not for loan | Precio de compra | Total Checkouts | Clasificación | Número de inscripción | Date last seen | Date checked out | Tipo de ítem |
|---|---|---|---|---|---|---|---|---|---|---|
| 39000.00 | 4 | Etapas del embrión | ACT-1763 | 15/02/2023 | 15/02/2023 | Modelo Anatómico |